[Event "Pavlodar op"]
[Site "Pavlodar"]
[Date "2013.12.19"]
[Round "10"]
[White "Alimkhanov, Abdurashid"]
[Black "Kaldygarin, Bakytgerey"]
[Result "0-1"]
[WhiteElo "1917"]
[BlackElo "2103"]
[PlyCount "122"]
[EventDate "2013.12.10"]
[EventType "swiss"]
[EventRounds "10"]
[EventCountry "KAZ"]
[SourceTitle "CBM 158 Extra"]
[Source "ChessBase"]
[SourceDate "2014.02.28"]
[SourceVersion "1"]
[SourceVersionDate "2014.02.28"]
[SourceQuality "1"]

1. e4 c6 2. d4 g6 3. Nf3 Bg7 4. c3 d5 5. Nbd2 Nh6 6. Bd3 0-0 7. 0-0 f6 8. Re1 Nf7 9. Nf1 e5 10. dxe5 fxe5 11. Qb3 Nd7 12. Be3 Nb6 13. Bc5 Re8 14. Ne3 Be6 15. Bxb6 axb6 16. exd5 cxd5 17. c4 e4 18. cxd5 Bd7 19. Bc4 Ba4 20. Qb4 exf3 21. d6 Qg5 22. h4 Qc5 23. Qxc5 bxc5 24. Nd5 Bc6 25. Nc7 Bxb2 26. Rab1 Rxe1+ 27. Rxe1 Ra4 28. Bb3 Rxh4 29. g3 Re4 30. Rxe4 Bxe4 31. d7 Bf6 32. Ne6 b5 33. Nxc5 Bc6 34. a4 bxa4 35. Bxa4 Bxa4 36. Nxa4 Ne5 37. Nc5 Kf7 38. Kh2 Ke7 39. g4 Nxd7 40. Ne4 Be5+ 41. Kh3 Nf6 42. Ng5 Bf4 43. Nxf3 Ne4 44. Kg2 Kf6 45. Nd4 Be5 46. Nc6 Bc3 47. f4 Nd6 48. Kf3 Ke6 49. Nb8 Nb7 50. Ke4 Kd6 51. Na6 Bd2 52. Kf3 Nd8 53. Ke4 Ne6 54. f5 Ng5+ 55. Kd4 Ba5 56. Nb8 Bb6+ 57. Kd3 gxf5 58. gxf5 h5 59. Ke2 h4 60. Kf1 h3 61. Na6 Ne4 0-1

[Event "KAZ-ch qual"]
[Site "Astana"]
[Date "2012.02.22"]
[Round "2"]
[White "Egorov, Evgeni"]
[Black "Kaldygarin, Bakytgerey"]
[Result "1-0"]
[WhiteElo "2338"]
[BlackElo "2154"]
[PlyCount "39"]
[EventDate "2012.02.21"]
[EventType "swiss"]
[EventRounds "9"]
[EventCountry "KAZ"]
[SourceTitle "EXT 2014"]
[Source "ChessBase"]
[SourceDate "2013.11.20"]
[SourceVersion "1"]
[SourceVersionDate "2013.11.20"]
[SourceQuality "1"]

1. e4 c6 2. d4 d5 3. f3 g6 4. Nc3 Bg7 5. Be3 dxe4 6. fxe4 Nf6 7. Nf3 0-0 8. h3 Qa5 9. Qd2 b5 10. Bd3 b4 11. Ne2 Rd8 12. 0-0 Nbd7 13. a3 Rb8 14. axb4 Qxb4 15. Qxb4 Rxb4 16. b3 a6 17. Bd2 Rb8 18. e5 Nd5 19. Bxa6 c5 20. Bc4 1-0